Ligarzas (Record no. 115724)

MARC details
000 -LEADER
campo de control de longitud fija 00761nam a2200193 i 4500
001 - NÚMERO DE CONTROL
campo de control 115724
003 - IDENTIFICADOR DE NÚMERO DE CONTROL
campo de control ES-MaACL
005 - FECHA Y HORA DE LA ÚLTIMA TRANSACCIÓN
campo de control 20230906190537.0
007 - CAMPO FIJO DE DESCRIPCIÓN FÍSICA--INFORMACIÓN GENERAL
campo de control de longitud fija t|
008 - DATOS DE LONGITUD FIJA--INFORMACIÓN GENERAL
campo de control de longitud fija 070510s1968 sp ||||1| spa d
080 ## - NÚMERO DE LA CLASIFICACIÓN DECIMAL UNIVERSAL
Número de la Clasificación Decimal Universal 946(093.2)
245 00 - MENCIÓN DEL TÍTULO
Título Ligarzas
Resto del título : [dedicado a celebrar los venticinco años de labor universitaria del Prof. D. José Mª Lacarra de Miguel].
260 ## - PUBLICACIÓN, DISTRIBUCIÓN, ETC.
Lugar de publicación, distribución, etc. Valencia :
Nombre del editor, distribuidor, etc. Universidad de Valencia, Facultad de Filosofía y Letras, Departamento de Historia Medieval,
Fecha de publicación, distribución, etc. 1968.
300 ## - DESCRIPCIÓN FÍSICA
Extensión 254 p. ;
Dimensiones 21 cm.
651 #4 - PUNTO DE ACCESO ADICIONAL DE MATERIA--NOMBRE GEOGRÁFICO
Nombre geográfico España-
Subdivisión general Historia-
Subdivisión de forma Fuentes.
9 (RLIN) 8345
700 1# - ENTRADA AGREGADA--NOMBRE PERSONAL
Nombre de persona Lacarra, José María (
Fechas asociadas al nombre 1907-1987)
9 (RLIN) 69329
710 2# - ENTRADA AGREGADA--NOMBRE DE ENTIDAD CORPORATIVA
Nombre de entidad corporativa o nombre de jurisdicción como elemento de entrada Universidad de Valencia.
Unidad subordinada Departamento de Historia Medieval.
9 (RLIN) 7320
852 ## - LOCALIZACIÓN
Ubicación ES-MaACL
Número de control de estantería C-48354
Sublocalización o colección R.67522
Holdings
Estatus retirado Estado de pérdida Estado de daño No para préstamo Biblioteca de origen Biblioteca actual Ubicación en estantería Fecha de adquisición Fuente de adquisición Total de préstamos Signatura topográfica completa Código de barras Visto por última vez Precio de reemplazo Tipo de ítem Koha
        Biblioteca del Ateneo de Madrid Biblioteca del Ateneo de Madrid Depósito 2 17/01/2008     C-48354 1120681 23/02/2023 23/02/2023 Libro impreso